000 00454nab a2200145Ia 4500
003 ES-SlBCS
005 20210601125451.0
008 140529s1983-84 xxu||||| |||| 00| 0 eng d
041 _aeng
100 1 _aLagsdorf, Leonore
_9159001
245 0 4 _aThe Noema as Intentional Entity: A Critique of Follesdal
_c Leonore Lagsdorf
650 0 4 _aFollesdal-Noema
_9159002
773 0 _tReview of Methaphysics
_gvol. 37, 1983-84, págs. 757-784
_wRev843
942 _cAR
999 _c530821
_d530821